Understanding VAT on property (Record no. 102190)

MARC details
000 -LEADER
fixed length control field 00963cam a2200241 4500
008 - FIXED-LENGTH DATA ELEMENTS--GENERAL INFORMATION
fixed length control field 020719n2002 000 0 eng u
020 ## - INTERNATIONAL STANDARD BOOK NUMBER
International Standard Book Number 1853288608
035 ## - SYSTEM CONTROL NUMBER
System control number (Sirsi) u118904
041 ## - LANGUAGE CODE
Language code of text/sound track or separate title eng.
050 ## - LIBRARY OF CONGRESS CALL NUMBER
Classification number 336.271
-- 18
100 ## - MAIN ENTRY--PERSONAL NAME
Personal name Jordan, David
245 ## - TITLE STATEMENT
Title Understanding VAT on property
260 ## - PUBLICATION, DISTRIBUTION, ETC.
Place of publication, distribution, etc. London
Name of publisher, distributor, etc. Law Society
Date of publication, distribution, etc. 2002
300 ## - PHYSICAL DESCRIPTION
Extent xxv, 336p.
Dimensions 24cm.
350 ## - PRICE (NR) (BK AM CF MU VM SE) [OBSOLETE]
Price 39.95
520 ## - SUMMARY, ETC.
Summary, etc. This text provides commercial and domestic property practitioners with the information they need to advise their clients. Features include: examples of how VAT applies in practice to specific property transactions; advice on how to avoid common pitfalls and negligence claims; relevant statutory extracts; and guidance from HM Customs & Excise.
520 ## - SUMMARY, ETC.
Summary, etc. Superseded by 2nd ed. (ISBN 1853289949)
650 ## - SUBJECT ADDED ENTRY--TOPICAL TERM
Topical term or geographic name entry element VALUE ADDED TAX
650 ## - SUBJECT ADDED ENTRY--TOPICAL TERM
Topical term or geographic name entry element PROPERTY-COMMERCIAL PROPERTY
650 ## - SUBJECT ADDED ENTRY--TOPICAL TERM
Topical term or geographic name entry element DOMESTIC PROPERTY
690 ## - LOCAL SUBJECT ADDED ENTRY--TOPICAL TERM (OCLC, RLIN)
Topical term or geographic name as entry element TAXATION
942 ## - ADDED ENTRY ELEMENTS (KOHA)
Suppress in OPAC 0
Holdings
Withdrawn status Lost status Source of classification or shelving scheme Damaged status Not for loan Home library Current library Shelving location Date acquired Cost, normal purchase price Total Checkouts Full call number Barcode Date last seen Date last checked out Copy number Cost, replacement price Price effective from Koha item type
    Dewey Decimal Classification     London London Basement 02/04/2003 33.96 14 SHELF 330 30068451 06/08/2019 17/07/2006 1 33.96 06/08/2019 Book